000 00654nam a2200181Ia 4500
003 GCL
008 140319s9999 xx 000 0 ara d
040 _aGCL /
_cGCL
082 0 4 _a301.295
_bع م
100 1 _aعلى بن ابراهيم النملة
245 1 0 _aمصادر المعلومات عن الاستشراق والمستشرقين : استقراء للموقف /
_cعلى بن ابراهيم النملة
300 _a55 ص
490 _aمطبوعات مكتبة الملك فهد الوطنية
_v0
650 0 4 _aالاستشراق والمستشرقون
650 0 4 _aالاستشراق
650 0 4 _aالتوثيق
942 _2ddc
_cBK
999 _c46408
_d46408